Statistics for Philadelphia 76ers Trivia

Click here to take the quiz!

General Stats

  • This quiz has been taken 2,956 times
  • The average score is 11 of 15

Answer Stats

HintAnswer% Correct
Cameroonian center who led the league in scoring in 2022 and 2023Joel Embiid
98%
6'10" point guard chosen with the #1 pick in the 2016 draftBen Simmons
96%
Hall of Fame player chosen with the #1 pick in the 1996 draftAllen Iverson
90%
Country which the above player comes fromAustralia
86%
Current head coach of the 76ersNick Nurse
85%
Player drafted #1 in 2017 who somehow forgot how to shootMarkelle Fultz
82%
Star player who the 76ers bought from the Nets in 1976Julius Erving
81%
Name for Philadelphia's strategy of tanking for several years in a row
to get multiple lottery picks
The {Process}
76%
Former all-star known as the "Round Mound of Rebound"Charles Barkley
71%
Center who led the 76ers to a championship in 1983, earning league MVP
honors along the way
Moses Malone
71%
Future coach who that player stepped over after drilling a jumper in 2001Tyronn Lue
67%
The other NBA team which used to play in PhiladelphiaThe Warriors
65%
Philly native who led the 76ers to an NBA championship in 1967, ending
Boston's eight year reign
Wilt Chamberlain
65%
Small city in upstate New York where the franchise was formerly based
(the team name at the time was the Nationals)
Syracuse
41%
The GM who came up with that strategySam Hinkie
28%

Score Distribution

Percentile by Number Answered

Percent of People with Each Score

Your Score History

You have not taken this quiz